000 00504nam a2200205Ia 4500
999 _c38580
_d38580
003 0100
005 20170526081725.0
008 130303s9999 xx 000 0 und d
040 _cARRUPELIB
050 _aDT434.E27B28 1966A
100 _aBarnett, Donald L.
_931091
245 _aMau Mau from within
245 _bautobiography and analysis of Kenya's peasant revolt
260 _bMonthly Review Press
_aNew York
_c1966
300 _a512p.
300 _b 23cm
650 _aMau Mau
_930305
700 _aNjama, Karari
_931092
942 0 0 _02
_2lcc
_cMONOGRAPH